|
|
|
|
| LEADER |
00944pam a22002418a 4500 |
| 001 |
00038072 |
| 005 |
20171026081025.0 |
| 008 |
170515s2009 ||||||Viesd |
| 041 |
0 |
# |
|a Vie
|
| 082 |
1 |
4 |
|a 330.07
|b GI108TR
|
| 100 |
1 |
# |
|a Trần, Đăng Thịnh
|
| 245 |
1 |
0 |
|a Giáo trình kinh tế học đại cương
|b Dành cho sinh viên không chuyên ngành kinh tế
|c Trần Đăng Thịnh, Võ Hữu Phước, Huỳnh Thị Cẩm Tú
|
| 260 |
# |
# |
|a TP. HCM
|b Đại học Quốc gia TP HCM
|c 2009
|
| 300 |
# |
# |
|a 167tr.
|c 20.5 cm
|
| 653 |
# |
# |
|a Giáo trình
|a Kinh tế
|a Kinh tế học
|
| 700 |
1 |
# |
|a Huỳnh, Thị Cẩm Tú
|
| 700 |
1 |
# |
|a Võ, Hữu Phước
|
| 852 |
# |
# |
|b Kho mượn
|j KGT.0052684
|
| 852 |
# |
# |
|b Kho đọc
|j KD.0020903
|
| 852 |
# |
# |
|j KD.0020903
|j KGT.0052684
|
| 910 |
|
|
|d 15/05/2017
|
| 980 |
# |
# |
|a Trung tâm Học liệu Lê Vũ Hùng, Trường Đại học Đồng Tháp
|